000 00751nam a2200265 a 4500
001 000008468
005 20200929161339.0
008 981113s1998 ck 000 f spa d
020 _a9586146324
035 _a(OCoLC)39967186
035 _a(CStRLIN)NYPGR39967186-B
040 _aDO-SdBNP
_cDLC
_dBNPHU
082 _aC863.44
_bP661e
100 1 _aPinzón, Germán,
_d1934-
_922776
245 1 0 _aEsta vida y la otra /
_cGermán Pinzón.
260 _aBogotá :
_bSeix Barral,
_c1998.
300 _a390 p. ;
_c22 cm.
490 1 _aBiblioteca breve
650 4 _aNovela colombiana
_91243
650 4 _aLiteratura colombiana
_91244
830 0 _aBiblioteca breve
_913442
910 _aCatalogación por copia / LC
910 _aWM
049 _aBNGR
999 _c8239
_d8239